[Event "IECG RB.2002.0.00010"]
[Site "IECG email"]
[Date "2002.02.28"]
[Round "?"]
[White "Blom, Erik"]
[Black "Hidalgo, Juan Carlos"]
[Result "1-0"]
[WhiteElo "1802"]
[BlackElo "1976"]
[PlyCount "35"]
[EventDate "2002.02.28"]
[EventType "tourn (corr)"]
[EventRounds "6"]
[SourceTitle "Corr 2008"]
[Source "ChessBase"]
[SourceDate "2008.06.24"]
[SourceVersion "1"]
[SourceVersionDate "2008.06.24"]
[SourceQuality "1"]

1. e4 c5 2. Nf3 d6 3. Bb5+ Bd7 4. Bxd7+ Nxd7 5. 0-0 Ngf6 6. Qe2 e6 7. b3 Be7 8. Bb2 0-0 9. c4 a6 10. Nc3 Qc7 11. d4 cxd4 12. Nxd4 Rfe8 13. Rad1 Rad8 14. f4 Bf8 15. Kh1 g6 16. Nc2 Bg7 17. Qf3 Rf8 18. Ne3 1-0

[Event "IECG RB.2002.0.00010"]
[Site "IECG email"]
[Date "2002.02.28"]
[Round "?"]
[White "Hidalgo, Juan Carlos"]
[Black "Seiler, Peter"]
[Result "0-1"]
[WhiteElo "1976"]
[BlackElo "1990"]
[PlyCount "30"]
[EventDate "2002.02.28"]
[EventType "tourn (corr)"]
[EventRounds "6"]
[SourceTitle "Corr 2008"]
[Source "ChessBase"]
[SourceDate "2008.06.24"]
[SourceVersion "1"]
[SourceVersionDate "2008.06.24"]
[SourceQuality "1"]

1. e4 c5 2. Nf3 d6 3. d4 cxd4 4. Nxd4 Nf6 5. Nc3 a6 6. Be2 e5 7. Nb3 Be7 8. 0-0 0-0 9. Qd3 Nbd7 10. a4 b6 11. Qg3 Kh8 12. Be3 Bb7 13. Nd2 Qc7 14. Rad1 Nc5 15. Bf3 Bc6 0-1

[Event "IECG CB.2002.0.00029 email"]
[Site "IECG email"]
[Date "2002.02.13"]
[Round "1"]
[White "Fricot, Frederic"]
[Black "Hidalgo, Juan Carlos"]
[Result "1-0"]
[WhiteElo "1842"]
[BlackElo "1976"]
[PlyCount "46"]
[EventDate "2002.02.13"]
[EventType "tourn (corr)"]
[EventRounds "6"]
[SourceTitle "Corr 2024"]
[Source "ChessBase"]
[SourceDate "2023.10.19"]
[SourceVersion "1"]
[SourceVersionDate "2023.10.19"]
[SourceQuality "1"]

1. c4 Nf6 2. Nc3 e5 3. g3 Bb4 4. Bg2 0-0 5. Nf3 Nc6 6. 0-0 e4 7. Ng5 Bxc3 8. bxc3 Re8 9. f3 e3 10. d3 d5 11. Qb3 Na5 12. Qa3 c6 13. cxd5 cxd5 14. f4 Nc6 15. Rb1 Qc7 16. Qb3 Na5 17. Qb2 Re7 18. h3 b6 19. Nf3 Bd7 20. Ne1 Rae8 21. Nc2 Qc8 22. Kh2 Ba4 23. Nb4 Bc6 1-0

[Event "IECG CP.2001.P.00082"]
[Site "IECG email"]
[Date "2001.10.01"]
[Round "?"]
[White "Blaisot, Alain"]
[Black "Hidalgo, Juan Carlos"]
[Result "1-0"]
[WhiteElo "1850"]
[BlackElo "2122"]
[PlyCount "78"]
[EventDate "2001.10.01"]
[EventType "tourn (corr)"]
[EventRounds "6"]
[SourceTitle "Corr 2008"]
[Source "ChessBase"]
[SourceDate "2008.06.24"]
[SourceVersion "1"]
[SourceVersionDate "2008.06.24"]
[SourceQuality "1"]

1. e4 c5 2. c3 e6 3. d4 d5 4. exd5 exd5 5. Nf3 Nc6 6. Bb5 Bd6 7. dxc5 Bxc5 8. 0-0 Nge7 9. Nbd2 0-0 10. Nb3 Bb6 11. Re1 Nf5 12. Bd3 Bc7 13. Bc2 g6 14. Bxf5 Bxf5 15. Bh6 Re8 16. Rxe8+ Qxe8 17. Qxd5 Be4 18. Qd1 a6 19. Nbd2 Bd5 20. c4 Bxf3 21. Nxf3 Ne5 22. Qd5 Qd8 23. Nxe5 Qxd5 24. cxd5 Bxe5 25. Rd1 f5 26. Kf1 Rc8 27. h3 Kf7 28. Rd2 b5 29. Re2 Bd6 30. Re6 Rd8 31. Ke2 Re8 32. Rxe8 Kxe8 33. Bg7 Kf7 34. Bh8 Ke7 35. Ke3 Bc5+ 36. Bd4 Bd6 37. Ba7 h5 38. Kd4 Kd7 39. Bc5 Bc7 1-0

[Event "IECG CA.2001.0.00017"]
[Site "IECG email"]
[Date "2001.09.09"]
[Round "?"]
[White "Hidalgo, Juan Carlos"]
[Black "Puleston, Tim O"]
[Result "1-0"]
[WhiteElo "2122"]
[BlackElo "2001"]
[PlyCount "79"]
[EventDate "2001.09.09"]
[EventType "tourn (corr)"]
[EventRounds "6"]
[SourceTitle "Corr 2008"]
[Source "ChessBase"]
[SourceDate "2008.06.24"]
[SourceVersion "1"]
[SourceVersionDate "2008.06.24"]
[SourceQuality "1"]

1. d4 d5 2. c4 e6 3. Nf3 Nf6 4. Nc3 Be7 5. Bg5 h6 6. Bh4 0-0 7. e3 Ne4 8. Bxe7 Qxe7 9. Rc1 c6 10. Bd3 Nxc3 11. Rxc3 dxc4 12. Bxc4 Nd7 13. 0-0 e5 14. Bb3 exd4 15. exd4 Nf6 16. Re1 Qd6 17. Ne5 Nd5 18. Rg3 Be6 19. Qd2 Kh8 20. Re4 Rae8 21. Rh4 Bf5 22. Bxd5 cxd5 23. h3 Bh7 24. Qf4 Qe6 25. Re3 Rc8 26. Rh5 f5 27. Rg3 Rf6 28. Rb3 g5 29. Qf3 b6 30. h4 g4 31. Qf4 Kg7 32. Re3 Rc7 33. Ra3 Qe7 34. Rg3 Qd6 35. f3 Kh8 36. fxg4 fxg4 37. Qxg4 Rc1+ 38. Kh2 Qf8 39. Qe2 Rff1 40. Rg4 1-0

[Event "CAPA 7/I/24 email"]
[Site "Argentina"]
[Date "2001.??.??"]
[Round "5"]
[White "Precerutti, Juan Arturo"]
[Black "Hidalgo, Juan Carlos"]
[Result "0-1"]
[WhiteElo "2100"]
[BlackElo "2175"]
[PlyCount "46"]
[EventDate "2001.??.??"]
[EventType "tourn (corr)"]
[EventRounds "6"]
[EventCountry "ARG"]
[SourceTitle "Corr 2002"]
[Source "ChessBase"]
[SourceDate "2002.05.23"]
[SourceVersion "1"]
[SourceVersionDate "2002.05.23"]
[SourceQuality "1"]

1. e4 c5 2. Nf3 d6 3. d4 cxd4 4. Nxd4 Nf6 5. Nc3 a6 6. Bg5 e6 7. f4 Qb6 8. Qd2 Nc6 9. 0-0-0 Bd7 10. Be2 Rc8 11. Rhe1 Be7 12. f5 Nxd4 13. Qxd4 Qxd4 14. Rxd4 Rc5 15. Bxf6 Bxf6 16. Rxd6 Ke7 17. Red1 Bc6 18. Bf3 Be5 19. R6d3 Bxh2 20. fxe6 fxe6 21. Ne2 Be5 22. Nd4 Ba4 23. g3 Bxd4 0-1

[Event "Arne Henriksen mem"]
[Site "Denmark"]
[Date "2000.02.15"]
[Round "?"]
[White "Mousessian, John"]
[Black "Hidalgo, Juan Carlos"]
[Result "1-0"]
[WhiteElo "2466"]
[BlackElo "2274"]
[PlyCount "121"]
[EventDate "2000.05.14"]
[EventType "tourn (corr)"]
[EventRounds "14"]
[EventCountry "DEN"]
[EventCategory "7"]
[SourceTitle "Corr 2024"]
[Source "ChessBase"]
[SourceDate "2023.10.19"]
[SourceVersion "1"]
[SourceVersionDate "2023.10.19"]
[SourceQuality "1"]

1. e4 c5 2. c3 e6 3. d4 d5 4. exd5 exd5 5. Nf3 Nc6 6. Bb5 Bd6 7. Be3 cxd4 8. Bxd4 Nge7 9. Nbd2 0-0 10. 0-0 Bg4 11. Qa4 Nxd4 12. Nxd4 Ng6 13. Rfe1 Qg5 14. N2f3 Qh5 15. Bd7 Nf4 16. Bxg4 Qxg4 17. g3 a6 18. Ne5 Nh3+ 19. Kf1 Qh5 20. Qd1 Qxd1 21. Raxd1 Rae8 22. Nef3 Rxe1+ 23. Nxe1 Rd8 24. f4 g5 25. Kg2 g4 26. Nf5 Bf8 27. Nc2 h5 28. Nce3 f6 29. Rxd5 Rxd5 30. Nxd5 Kf7 31. Nd4 Bc5 32. Nb3 Ba7 33. Na5 Ke6 34. c4 b5 35. Nc7+ Kd7 36. Nxa6 Bb6 37. Nb3 bxc4 38. Nd2 c3 39. bxc3 Nf2 40. c4 Ba7 41. Nb3 Nd3 42. Kf1 Nb2 43. c5 Na4 44. Ke2 Kc6 45. Kd3 Kb7 46. Nb4 Nxc5+ 47. Nxc5+ Bxc5 48. Nd5 f5 49. Ne3 Kc6 50. Nxf5 Bg1 51. Ng7 h4 52. gxh4 Bxh2 53. Ke4 g3 54. Kf3 g2 55. Kxg2 Bxf4 56. Kf3 Bc1 57. Ke4 Kb5 58. h5 Kb4 59. Kf5 Ka3 60. Ne6 Bd2 61. Nf4 1-0

[Event "Arne Henriksen mem"]
[Site "Denmark"]
[Date "2000.??.??"]
[Round "?"]
[White "Andresen, Tarald"]
[Black "Hidalgo, Juan Carlos"]
[Result "1/2-1/2"]
[WhiteElo "2417"]
[BlackElo "2274"]
[PlyCount "60"]
[EventDate "2000.05.14"]
[EventType "tourn (corr)"]
[EventRounds "14"]
[EventCountry "DEN"]
[EventCategory "7"]
[SourceTitle "Corr 2002"]
[Source "ChessBase"]
[SourceDate "2002.05.23"]
[SourceVersion "1"]
[SourceVersionDate "2002.05.23"]
[SourceQuality "1"]

1. e4 c5 2. Nf3 Nc6 3. d4 cxd4 4. Nxd4 Nf6 5. Nc3 e5 6. Ndb5 d6 7. Bg5 a6 8. Bxf6 gxf6 9. Na3 b5 10. Nd5 f5 11. c3 Bg7 12. exf5 Bxf5 13. Nc2 Be6 14. Nce3 0-0 15. Bd3 f5 16. Qh5 Qd7 17. g4 e4 18. Bc2 Rae8 19. Nf4 fxg4 20. Nxe6 Rxe6 21. Bb3 Ne5 22. 0-0-0 Kh8 23. Bxe6 Qxe6 24. Kb1 b4 25. cxb4 Nd3 26. Rd2 Nxb2 27. Rxb2 Bxb2 28. Kxb2 Rxf2+ 29. Nc2 Rxc2+ 30. Kxc2 Qxa2+ 1/2-1/2

[Event "Arne Henriksen mem"]
[Site "Denmark"]
[Date "2000.??.??"]
[Round "?"]
[White "Christiansen, Tonny"]
[Black "Hidalgo, Juan Carlos"]
[Result "1-0"]
[WhiteElo "2400"]
[BlackElo "2274"]
[PlyCount "63"]
[EventDate "2000.05.14"]
[EventType "tourn (corr)"]
[EventRounds "14"]
[EventCountry "DEN"]
[EventCategory "7"]
[SourceTitle "Corr 2002"]
[Source "ChessBase"]
[SourceDate "2002.05.23"]
[SourceVersion "1"]
[SourceVersionDate "2002.05.23"]
[SourceQuality "1"]

1. d4 d5 2. c4 c6 3. Nf3 dxc4 4. e4 b5 5. a4 e6 6. axb5 cxb5 7. b3 Bb7 8. Nbd2 Bb4 9. bxc4 Bxe4 10. cxb5 Bxf3 11. Qxf3 Nd7 12. Qb3 Ba5 13. Be2 Rc8 14. Qd3 Rc3 15. Qb1 Rc7 16. Rxa5 Rxc1+ 17. Qxc1 Qxa5 18. 0-0 Ne7 19. Nc4 Qb4 20. Qc2 Ng6 21. Rb1 Qe7 22. Ra1 Nb8 23. b6 axb6 24. Qa4+ Qd7 25. Qb4 Qc7 26. Nd6+ Kf8 27. Ra7 Nc6 28. Rxc7 Nxb4 29. Nxf7 Rg8 30. Ng5 Ne7 31. Bc4 h6 32. Nxe6+ 1-0

[Event "Arne Henriksen mem"]
[Site "Denmark"]
[Date "2000.??.??"]
[Round "?"]
[White "Hidalgo, Juan Carlos"]
[Black "Chorfi, Khaled"]
[Result "1/2-1/2"]
[WhiteElo "2274"]
[BlackElo "2483"]
[PlyCount "62"]
[EventDate "2000.05.14"]
[EventType "tourn (corr)"]
[EventRounds "14"]
[EventCountry "DEN"]
[EventCategory "7"]
[SourceTitle "Corr 2002"]
[Source "ChessBase"]
[SourceDate "2002.05.23"]
[SourceVersion "1"]
[SourceVersionDate "2002.05.23"]
[SourceQuality "1"]

1. d4 Nf6 2. c4 g6 3. g3 Bg7 4. Bg2 d6 5. Nf3 0-0 6. 0-0 Nbd7 7. Nc3 e5 8. e4 c6 9. h3 Qb6 10. Re1 exd4 11. Nxd4 Ne8 12. Nb3 a5 13. Be3 Qb4 14. Nd4 a4 15. a3 Qa5 16. f4 Nc5 17. Qc2 Nf6 18. Rad1 Re8 19. Bf2 Nfd7 20. Nb1 Nf8 21. Re2 Qc7 22. Nf3 Be6 23. Bd4 Bxd4+ 24. Nxd4 f6 25. Nxe6 Rxe6 26. Red2 Nb3 27. Rf2 Ree8 28. f5 g5 29. Nc3 Nc5 30. Rfd2 Red8 31. Rd4 Nb3 1/2-1/2

[Event "EM/7/I/16 email"]
[Site "CAPA email"]
[Date "2000.??.??"]
[Round "3"]
[White "Hidalgo, Juan Carlos"]
[Black "Dominguez, Carlos Isaias"]
[Result "1/2-1/2"]
[WhiteElo "2290"]
[BlackElo "2174"]
[PlyCount "61"]
[EventDate "2000.05.12"]
[EventType "swiss (corr)"]
[EventRounds "7"]
[SourceTitle "Corr 2002"]
[Source "ChessBase"]
[SourceDate "2002.05.23"]
[SourceVersion "1"]
[SourceVersionDate "2002.05.23"]
[SourceQuality "1"]

1. d4 Nf6 2. c4 e6 3. Nf3 Bb4+ 4. Nbd2 b6 5. a3 Bxd2+ 6. Qxd2 Bb7 7. e3 d6 8. Be2 Nbd7 9. 0-0 Ne4 10. Qc2 0-0 11. b4 f5 12. Bb2 Qe8 13. Ne1 Qg6 14. Bf3 Rfe8 15. Nd3 Qh6 16. c5 Ndf6 17. c6 Ba6 18. a4 Bxd3 19. Qxd3 a5 20. b5 Kh8 21. Bd1 Nd5 22. Bb3 Qg5 23. Rae1 Nb4 24. Qd1 Nf6 25. f3 Qh4 26. e4 fxe4 27. fxe4 Nxe4 28. Rf7 Rf8 29. Ref1 Rxf7 30. Rxf7 d5 31. Qe2 1/2-1/2

[Event "CAPA 7/I/19 email"]
[Site "Argentina"]
[Date "2000.??.??"]
[Round "3"]
[White "Hidalgo, Juan Carlos"]
[Black "Novoa, Ruben Fernando"]
[Result "1/2-1/2"]
[WhiteElo "2255"]
[BlackElo "2000"]
[PlyCount "61"]
[EventDate "2000.??.??"]
[EventType "tourn (corr)"]
[EventRounds "6"]
[EventCountry "ARG"]
[SourceTitle "Corr 2002"]
[Source "ChessBase"]
[SourceDate "2002.05.23"]
[SourceVersion "1"]
[SourceVersionDate "2002.05.23"]
[SourceQuality "1"]

1. e4 c5 2. Nf3 Nc6 3. d4 cxd4 4. Nxd4 Nf6 5. Nc3 e5 6. Ndb5 d6 7. a4 Be6 8. Bg5 a6 9. Na3 Qb6 10. Rb1 Qb4 11. Bxf6 gxf6 12. Be2 Rg8 13. 0-0 0-0-0 14. f4 exf4 15. Kh1 Bh6 16. Bf3 Ne7 17. Nd5 Nxd5 18. exd5 Bf5 19. c3 Qb6 20. Rc1 Rde8 21. b4 Be4 22. Nc4 Qc7 23. Qd4 f5 24. Nb6+ Kb8 25. a5 Rg6 26. Rfe1 Reg8 27. Bxe4 fxe4 28. Qxe4 f3 29. Rc2 fxg2+ 30. Rxg2 Qxc3 31. Rc2 1/2-1/2

[Event "CAPA 7/I/19 email"]
[Site "Argentina"]
[Date "2000.??.??"]
[Round "1"]
[White "Hidalgo, Juan Carlos"]
[Black "Zattera, Juan Italo"]
[Result "1-0"]
[WhiteElo "2255"]
[BlackElo "2300"]
[PlyCount "81"]
[EventDate "2000.??.??"]
[EventType "tourn (corr)"]
[EventRounds "6"]
[EventCountry "ARG"]
[SourceTitle "Corr 2002"]
[Source "ChessBase"]
[SourceDate "2002.05.23"]
[SourceVersion "1"]
[SourceVersionDate "2002.05.23"]
[SourceQuality "1"]

1. e4 c6 2. d4 d5 3. f3 e6 4. Nc3 Bb4 5. Bf4 dxe4 6. fxe4 Nf6 7. Qd3 Nbd7 8. a3 Bxc3+ 9. bxc3 e5 10. Bxe5 Nxe5 11. dxe5 Nd7 12. Nf3 0-0 13. e6 fxe6 14. Qd6 Nf6 15. Qxd8 Rxd8 16. e5 Ng4 17. Bd3 Rd5 18. Be4 Ra5 19. 0-0-0 g6 20. Rd8+ Kg7 21. Rhd1 Nxe5 22. Nxe5 Rxe5 23. Bf3 Rf5 24. Re8 Rf8 25. Rdd8 Rxe8 26. Rxe8 h5 27. g4 Kf7 28. Rh8 hxg4 29. Bxg4 Ke7 30. Kd2 Kf6 31. Bf3 Kg7 32. Rd8 Kf7 33. Ke3 Ke7 34. Rh8 Kf6 35. Kd4 Kg7 36. Rd8 Kf6 37. a4 a5 38. Kc5 Ke7 39. Rh8 g5 40. Rg8 Kf7 41. Rxg5 1-0

[Event "Arne Henriksen mem"]
[Site "Denmark"]
[Date "2000.??.??"]
[Round "?"]
[White "Martin Clemente, Joel"]
[Black "Hidalgo, Juan Carlos"]
[Result "1/2-1/2"]
[WhiteElo "2561"]
[BlackElo "2274"]
[PlyCount "96"]
[EventDate "2000.05.14"]
[EventType "tourn (corr)"]
[EventRounds "14"]
[EventCountry "DEN"]
[EventCategory "7"]
[SourceTitle "Corr 2002"]
[Source "ChessBase"]
[SourceDate "2002.05.23"]
[SourceVersion "1"]
[SourceVersionDate "2002.05.23"]
[SourceQuality "1"]

1. e4 c5 2. Nf3 Nc6 3. Bb5 g6 4. 0-0 Bg7 5. c3 Nf6 6. Re1 0-0 7. e5 Nd5 8. d4 cxd4 9. cxd4 d6 10. Nc3 Nc7 11. exd6 Qxd6 12. Bg5 Ne6 13. Ne4 Qb4 14. Bxc6 Nxg5 15. Nexg5 bxc6 16. Qc1 Rb8 17. Ne5 Bxe5 18. dxe5 Qxb2 19. Qxc6 h6 20. Nf3 Bb7 21. Qc5 Bxf3 22. gxf3 Rb7 23. Qe3 Kg7 24. Kg2 Qc2 25. Re2 Qc4 26. Rc1 Qd5 27. Rc5 Qe6 28. Rec2 Rd8 29. Qe4 Rb1 30. Qc4 Qxc4 31. R5xc4 Rd7 32. f4 f5 33. Rc7 Rb7 34. R7c6 Rd4 35. Rc7 Rxc7 36. Rxc7 Kf7 37. Rxa7 Rxf4 38. a4 Re4 39. a5 Rxe5 40. a6 g5 41. Ra8 Ra5 42. a7 Ra3 43. Rh8 Rxa7 44. Rxh6 Ra3 45. h3 Ra4 46. Kg3 Re4 47. f3 Rd4 48. Rh7+ Kf6 1/2-1/2

[Event "EM/7/I/11 corr"]
[Site "CAPA email"]
[Date "1999.??.??"]
[Round "7"]
[White "Albornoz, Nelson"]
[Black "Hidalgo, Juan Carlos"]
[Result "0-1"]
[WhiteElo "2116"]
[BlackElo "2144"]
[PlyCount "36"]
[EventDate "1999.08.16"]
[EventType "tourn (corr)"]
[EventRounds "6"]
[EventCountry "ARG"]
[SourceTitle "Corr 2002"]
[Source "ChessBase"]
[SourceDate "2002.05.23"]
[SourceVersion "1"]
[SourceVersionDate "2002.05.23"]
[SourceQuality "1"]

1. e4 c5 2. Nf3 d6 3. d4 cxd4 4. Nxd4 Nf6 5. Nc3 a6 6. Bg5 e6 7. f4 Be7 8. Qf3 Qc7 9. 0-0-0 Nbd7 10. g4 b5 11. Bxf6 Nxf6 12. g5 Nd7 13. a3 Rb8 14. h4 b4 15. axb4 Rxb4 16. Nf5 exf5 17. Nd5 Qc5 18. Nxe7 Kxe7 0-1